| 000 | 00430cam a22001097a 4500 | ||
|---|---|---|---|
| 008 | 180718b1971 xxu||||| |||| 00| 0 eng d | ||
| 082 | _aI5135x73 Un3c | ||
| 245 |
_aThe case for executive reorganization: reform renewal for the 70's _cby Executive Office of the President, United States |
||
| 260 |
_aWashington _bExecutive Office of the President _c1971 |
||
| 300 | _a16+p. | ||
| 700 | _aUnited States. Executive Office of the President | ||
| 999 |
_c491423 _d491423 |
||